Az MDF megalakulása és tevékenysége 1994-ig

Elmentve itt :
Bibliográfiai részletek
Szerző: Huszti Szabolcs
További közreműködők: Kovács László (Témavezető)
Dokumentumtípus: Szakdolgozat
Megjelent: 2004
Tárgyszavak:
Online Access:http://diploma.bibl.u-szeged.hu/28490
LEADER 00562nta a2200157 i 4500
001 dipl28490
005 20130314085652.0
008 110831s2004 hu om 0|| zxx d
040 |a SZTE Diploma Repozitórium  |b hun 
041 |a zxx 
100 1 |a Huszti Szabolcs 
245 1 3 |a Az MDF megalakulása és tevékenysége 1994-ig  |h [elektronikus dokumentum] /  |c Szabolcs Huszti 
260 |c 2004 
650 4 |a Jogi és igazgatási tanulmányok 
700 1 |a Kovács László  |e ths 
856 4 0 |u http://diploma.bibl.u-szeged.hu/id/eprint/28490/1/2004_huszti_szabolcs.pdf  |z Dokumentum-elérés